000 00998nam a2200253Ia 4500
003 OSt
005 20220923213947.0
006 a|||||r|||| 00| 0
007 ta
008 220922b |||||||| |||| 00| 0 hin d
024 _a165,968
037 _cTextual
040 _aARTS
_cARTS
_bhin
041 _2hin
_ahin
082 _aO152,1N01:g, L2
100 _aभाटी, देशराज सिंह
245 0 _aपमततम और उनका रश्मिबन्ध
_b रश्मिबन्ध का आलोचनात्मक एवं व्याख्यात्मक अध्ययन
246 _aPamatatam aur unakā rashmibandha: rashmibandha kā ālochanātmak evan vyākhyātmak adhyayana
250 _aसंशो0 संस्क0 5
260 _c1972
650 _aहिन्दी साहित्य
_9156264
942 _hO152,1N01:g, L2
_cTEXL
_2CC
999 _c320447
_d320447